| 000 | 00711nam a2200205 i 4500 | ||
|---|---|---|---|
| 001 | 48674 | ||
| 003 | ES-MaACL | ||
| 005 | 20250826105750.0 | ||
| 007 | t| | ||
| 008 | 030829s1903 sp ||||1| spa d | ||
| 100 | 1 |
_aDíaz Ordóñez y Escandón, Víctor. _944373 |
|
| 245 | 1 | 0 |
_aDiscurso leído en la solemne apertura del curso académico de 1903 a 1904 / _cpor Víctor Díaz Ordóñez. |
| 260 |
_aOviedo : _b[s.n.], _c1903 ( _fAdolfo Brid) |
||
| 300 |
_a31 p. ; _c27 cm. |
||
| 500 | _aTema del discurso: Elogio de Fr. Domingo de Soto. | ||
| 600 | 1 | 4 |
_aSoto, Domingo de, _d1495-1560 _9107479 |
| 710 | 2 |
_aUniversidad Literaria de Oviedo. _97389 |
|
| 852 |
_aES-MaACL _jT-1023-F-11 |
||
| 999 |
_c48674 _d48674 |
||